| 000 | 00568nam a2200265Ia 4500 | ||
|---|---|---|---|
| 001 | Z_5693 | ||
| 003 | CHAP | ||
| 008 | 220113s2004 xx 000 0 und d | ||
| 010 | _a168795 | ||
| 020 | _a84-261-3397-5 | ||
| 040 | _cCHAP | ||
| 082 | _a880 T6 | ||
| 100 |
_aTolstoi, Leon _9113655 |
||
| 245 |
_aAna Karenina / _cLeón Tolstoi |
||
| 260 |
_aBarcelona : _bJuventud, _c2004 |
||
| 300 | _a868 p. | ||
| 503 | _ac/e | ||
| 650 |
_anovela rusa _982027 |
||
| 901 | _a880 T6 | ||
| 902 | _aA | ||
| 910 | _a2004 | ||
| 942 | _c1 | ||
| 942 | _cc1 | ||
| 999 |
_c168795 _d168795 |
||